المأمون / (رقم التسجيلة. 31960)

تفاصيل مارك
000 -LEADER
fixed length control field 00600nam a22001937a 4500
005 - DATE AND TIME OF LATEST TRANSACTION
control field 20251108165819.0
008 - FIXED-LENGTH DATA ELEMENTS--GENERAL INFORMATION
fixed length control field 250721s9999 xx 000 0 ara d
082 14 - DEWEY DECIMAL CLASSIFICATION NUMBER
Classification number ط/923.1/كما
100 1# - MAIN ENTRY--PERSONAL NAME
Personal name كمال، محمد
245 10 - TITLE STATEMENT
Title المأمون /
264 1# - PRODUCTION, PUBLICATION, DISTRIBUTION, MANUFACTURE, AND COPYRIGHT NOTICE
Place of production, publication, distribution, manufacture حلب :
Name of producer, publisher, distributor, manufacturer دار ربيع للنشر،
Date of production, publication, distribution, manufacture, or copyright notice [19-].
300 ## - PHYSICAL DESCRIPTION
Extent 16ص.
490 0# - SERIES STATEMENT
Series statement شمس الهدى و الإيمان : أعلام الخلفاء
Volume/sequential designation 14
650 17 - SUBJECT ADDED ENTRY--TOPICAL TERM
Topical term or geographic name as entry element التراجم
653 ## - INDEX TERM--UNCONTROLLED
Uncontrolled term اطفال مرحلة متوسطة (6-9) سنوات
700 1# - ADDED ENTRY--PERSONAL NAME
Personal name حاضري، بدر الدين
942 ## - ADDED ENTRY ELEMENTS (KOHA)
Source of classification or shelving scheme Dewey Decimal Classification
Koha item type كتب
المقتنيات
حالة السحب حالة الفقدان مصدر التصنيف حالة التلف غير قابل للإعارة المكتبة الرئيسية المكتبة الحالية موقع الرف تاريخ التزويد الرقم المتسلسل Total Checkouts رقم الإستدعاء تاريخ آخر ظهور تاريخ الفاتورة نوع المادة (كوها) الباركود
    Dewey Decimal Classification     المكتبة المركزية المكتبة المركزية مقتنيات قسم التزويد 28/07/2025 1765015   ط/923.1/كما 28/07/2025 28/07/2025 كتب  
    Dewey Decimal Classification     مكتبة قتيبة للأطفال مكتبة قتيبة للأطفال الأطفال 09/11/2017 1666818   ط/923.1/كما 28/07/2025 09/11/2017 كتب PLD00410017
    Dewey Decimal Classification     مكتبة أم قصير والمقابلين العامة مكتبة أم قصير والمقابلين العامة الأطفال 13/09/2014 [4235 ]   ط/923.1/كما 28/07/2025 13/09/2014 كتب PLD00343963
    Dewey Decimal Classification     مكتبة الأميرة سلمى مكتبة الأميرة سلمى الإعارة 28/07/2025 567434   ط/923.1/كما 28/07/2025 28/07/2025 كتب 567434
    Dewey Decimal Classification Unchecked   مكتبة الاميرة بديعة مكتبة الاميرة بديعة الأطفال 06/07/2004 1739   ط/923.1/كما 28/07/2025 06/07/2004 كتب  
    Dewey Decimal Classification     مكتبة الاميرة بديعة مكتبة الاميرة بديعة الأطفال 06/07/2015 [2646].   ط/923.1/كما 28/07/2025 06/07/2015 كتب PLD00336619
    Dewey Decimal Classification     مكتبة الجويدة مكتبة الجويدة الأطفال 09/05/2015 (1911)   ط/923.1/كما 28/07/2025 09/05/2015 كتب PLD00323518
    Dewey Decimal Classification     مكتبة الجويدة مكتبة الجويدة الأطفال 11/05/2015 (2716)   ط/923.1/كما 28/07/2025 11/05/2015 كتب PLD00323646
    Dewey Decimal Classification     مكتبة صويلح العامة مكتبة صويلح العامة الأطفال 26/07/2019 005482   ط/923.1/كما 28/07/2025 26/07/2019 كتب PLD00459612
    Dewey Decimal Classification     مكتبة صويلح العامة مكتبة صويلح العامة الأطفال 26/07/2019 006710   ط/923.1/كما 28/07/2025 26/07/2019 كتب PLD00459613
    Dewey Decimal Classification     مكتبة مؤتة مكتبة مؤتة الأطفال 05/07/2014 [ 1700 ]   ط/923.1/كما 28/07/2025 05/07/2014 كتب PLD00333543
    Dewey Decimal Classification     مكتبة وادي السير العامة مكتبة وادي السير العامة الأطفال 27/08/2015 [3108]   ط/923.1/كما 28/07/2025 27/08/2015 كتب PLD00343200
    Dewey Decimal Classification     مكتبة وادي السير العامة مكتبة وادي السير العامة الأطفال 27/08/2015 [2431]..   ط/923.1/كما 28/07/2025 27/08/2015 كتب PLD00343201
Implemented & Customized by: BBB with SCIT (Smart Chains for Information Technology)

Powered by Koha